01768 a2200229 4500003000500000005001700005020002400022040000900046082001200055082001200067100001700079245008000096260004300176300002100219505110400240650005101344650005101395650003501446650002701481651001101508700001901519Nust20170207154023.0 a0-7821-4017-3 (pbk) cNust0 a005.1170 a005.1171 aBoggs, Wendy00aMastering UML with Rational Rose 2002 (E-BOOK)cWendy Boggs, Michael Boggs aSan Francisco, CA :bSYBEX,ccop. 2002 a677 s. +eCD-ROM aIntroduction to UML (Page-4) A Tour of Rose (Page-27) Business Modeling (Page-61) Use Cases and Actors (Page-108) Object Interaction (Page-159) Object Interaction (Page-162) Classes and Packages (Page-201) Classes and Packages (Page-209) Attributes and Operations (Page-251) Attributes and Operations (Page-282) Relationships (Page-301) Relationships (Page-340) Object Behavior (Page-341) Component View (Page-360) Deployment View (Page-381) Introduction to Code Generation and Reverse Engineering Using Rational Rose (Page-401) Introduction to Code Generation and Reverse Engineering Using Rational Rose (Page-410) ANSI C++ and Visual C++ Code Generation and Reverse Engineering (Page-417) Java Code Generation and Reverse Engineering (Page-447) Java Code Generation and Reverse Engineering (Page-471) Visual Basic Code Generation and Reverse Engineering (Page-493) XML DTD Code Generation and Reverse Engineering (Page-541) XML DTD Code Generation and Reverse Engineering (Page-547) CORBA/IDL Code Generation and Reverse Engineering (Page-567) Rose Data Modeler (Page-610) Web Modeling (Page-657)  7aObject-oriented programming (Computer science) 7aObject-oriented programming (Computer science) 7aObjektorienterad programmering 7aUML (Computer science) aE-BOOK1 aBoggs, Michael